[Event "Let's Play Chess!"]
[Site "http://www.queenalice.com/game.php?id=1121821"]
[Date "2012.11.13"]
[Round "-"]
[White "REDWOLF"]
[Black "krodo"]
[Result "0-1"]
[WhiteElo "1464"]
[BlackElo "2167"]

1. f4 Nf6 2. Nf3 g6 3. e3 c5 4. Be2 d5 5. O-O Nc6 6. c3 Bg7 7. d4 O-O 8. b3 Ne4
9. Bb2 Qa5 10. c4 dxc4 11. Bxc4 cxd4 12. exd4 Bg4 13. Qe2 Nxd4 14. Qxe4 Nxf3+
15. gxf3 Bxb2 16. Nd2 Bh3 17. Rfd1 Bxa1 18. Bxf7+ Rxf7 0-1

[Event "Let's Play Chess!"]
[Site "http://www.queenalice.com/game.php?id=1121822"]
[Date "2012.11.13"]
[Round "-"]
[White "Ruusgugg"]
[Black "REDWOLF"]
[Result "1-0"]
[WhiteElo "1302"]
[BlackElo "1420"]

1. Nf3 f5 2. e3 Nf6 3. d4 e6 4. Qd3 Be7 5. Qb3 O-O 6. a4 b6 7. h4 Bb7 8. Ng5 Bd5
9. Bc4 h6 10. Nh3 Bxg2 11. Rh2 Bd5 12. Bxd5 Nxd5 13. Rg2 Nc6 14. e4 fxe4 15. Qg3
Bf6 16. Bxh6 Qe7 17. Nd2 e5 18. Nxe4 Rf7 19. Nhg5 Bxg5 20. hxg5 Nf4 21. Rg1 1-0

[Event "Let's Play Chess!"]
[Site "http://www.queenalice.com/game.php?id=1121823"]
[Date "2012.11.13"]
[Round "-"]
[White "REDWOLF"]
[Black "miguelvotrejr"]
[Result "0-1"]
[WhiteElo "1460"]
[BlackElo "1245"]

1. f4 d5 2. Nf3 c5 3. e3 e6 4. Be2 Nf6 5. O-O Bd6 6. c4 O-O 7. b3 Bd7 8. Bb2 Nc6
9. d4 cxd4 10. exd4 Bxf4 11. Bd3 Ng4 12. Nbd2 Be3+ 13. Kh1 Nf2+ 14. Rxf2 Bxf2
15. Qe2 Bxd4 16. Nxd4 Nxd4 17. Bxd4 dxc4 18. Bxc4 b6 19. Qh5 g6 20. Qh6 f6 21.
Ne4 Bc6 22. Nxf6+ Rxf6 0-1

[Event "Challenge"]
[Site "http://www.queenalice.com/game.php?id=1121824"]
[Date "2012.11.13"]
[Round "-"]
[White "jdimas"]
[Black "REDWOLF"]
[Result "1-0"]
[WhiteElo "1647"]
[BlackElo "1427"]

1. e4 e5 2. d3 Bc5 3. a3 Nf6 4. f4 d6 5. f5 Nc6 6. g4 Bd7 7. g5 Ng8 8. h4 g6 9.
f6 Nxf6 10. gxf6 Qxf6 11. Nf3 Bg4 12. Be2 O-O-O 13. Rf1 Bxf3 14. Bg5 Bxe2 15.
Bxf6 Bxd1 16. Kxd1 Bd4 17. c3 Be3 18. Bxd8 Nxd8 19. b4 Bf4 20. a4 Ne6 21. a5 a6
22. Na3 Rd8 23. b5 g5 24. hxg5 Nxg5 25. bxa6 bxa6 26. d4 Nxe4 27. dxe5 dxe5+ 28.
Kc2 h5 29. Nc4 Rd5 30. Rae1 Ng3 31. Rg1 f6 32. Ne3 Rxa5 33. Nf1 Ra2+ 34. Kb3 Ra5
35. Nxg3 1-0

[Event "Challenge"]
[Site "http://www.queenalice.com/game.php?id=1121825"]
[Date "2012.11.13"]
[Round "-"]
[White "REDWOLF"]
[Black "jdimas"]
[Result "0-1"]
[WhiteElo "1435"]
[BlackElo "1639"]

1. f4 e6 2. Nf3 d5 3. e3 c5 4. Be2 c4 5. O-O h5 6. Nc3 Bd7 7. d3 b5 8. dxc4 bxc4
9. b3 cxb3 10. axb3 h4 11. h3 Be7 12. Nb5 a6 13. Nbd4 g5 14. Bb2 Rh6 15. Qd3 Qb6
16. Ne5 Bc5 17. fxg5 Rg6 18. Nxg6 Ne7 19. Ne5 Nf5 20. Nxf7 Kxf7 21. Nxf5 exf5
22. Rxf5+ Bxf5 23. Qxf5+ Ke8 24. Bh5+ Kd8 25. Bf6+ Kc7 26. Qh7+ Nd7 27. Be5+ Bd6
28. Bd4 Qb4 29. Bg4 Rd8 30. Qxh4 Qd2 31. Rxa6 Rf8 32. Ra7+ Kb8 0-1

[Event "Challenge"]
[Site "http://www.queenalice.com/game.php?id=1125980"]
[Date "2012.11.26"]
[Round "-"]
[White "sasosaso"]
[Black "REDWOLF"]
[Result "1-0"]
[WhiteElo "1799"]
[BlackElo "1435"]

1. e4 e5 2. Nf3 f6 3. Bc4 Bc5 4. O-O Ne7 5. Nh4 Nbc6 6. c3 d5 7. exd5 Nxd5 8.
Qh5+ g6 9. Nxg6 Kd7 10. Nxh8 Qxh8 11. Bxd5 1-0

[Event "Let's Play Chess!"]
[Site "http://www.queenalice.com/game.php?id=1199827"]
[Date "2013.7.16"]
[Round "-"]
[White "REDWOLF"]
[Black "carlosufpe"]
[Result "0-1"]
[WhiteElo "1364"]
[BlackElo "1568"]

1. f4 d6 2. Nf3 g6 3. e3 Bg7 4. Nc3 Nf6 5. Be2 Bg4 6. O-O Bxf3 7. Bxf3 c6 8. b3
O-O 9. d4 d5 10. Ba3 Re8 11. e4 dxe4 12. Nxe4 Nxe4 13. Bxe4 Qxd4+ 14. Kh1 Qxe4
15. Rb1 e6 16. Qg4 Nd7 17. Rfe1 Qxc2 18. h4 h5 19. Qf3 Qf5 0-1

[Event "Let's Play Chess!"]
[Site "http://www.queenalice.com/game.php?id=1199828"]
[Date "2013.7.15"]
[Round "-"]
[White "carlosufpe"]
[Black "REDWOLF"]
[Result "1-0"]
[WhiteElo "1559"]
[BlackElo "1373"]

1. d4 f5 2. e3 Nf6 3. Nf3 e6 4. Be2 Be7 5. O-O O-O 6. b3 b6 7. Bb2 Bb7 8. Nbd2
d5 9. a4 c5 10. dxc5 bxc5 11. c4 dxc4 12. Bxc4 Bd5 13. Bxd5 Nxd5 14. Nc4 Bf6 15.
Bxf6 Qxf6 16. Nce5 Nc3 17. Qd2 Ne4 18. Qa5 a6 19. Qc7 Nd2 20. Nxd2 Rd8 21. Nc6
Nxc6 22. Qxc6 1-0

[Event "Let's Play Chess!"]
[Site "http://www.queenalice.com/game.php?id=1199829"]
[Date "2013.7.15"]
[Round "-"]
[White "REDWOLF"]
[Black "carlosufpe"]
[Result "0-1"]
[WhiteElo "1356"]
[BlackElo "1576"]

1. e4 d6 2. Bc4 e6 3. Nf3 c6 4. O-O d5 5. exd5 cxd5 6. Bb5+ Bd7 7. Bxd7+ Nxd7 8.
d4 Ngf6 9. Bg5 Be7 10. Ne5 Nxe5 11. dxe5 Ne4 12. Bxe7 Qxe7 13. Nd2 Nxd2 14. Qxd2
O-O 15. Rae1 b6 16. b3 Rfc8 17. Rc1 Qc5 18. c4 dxc4 19. Rxc4 Qxe5 20. Rfc1 Rxc4
21. Rxc4 b5 22. Rd4 g6 0-1